Vocabulaire et techniques d’escalade - Statistiques

Statistiques générales
  • Ce quiz a été pris 177 fois
  • Le résultat moyen est 9 sur 15
Statistiques - réponses
Questions Réponses % Correct
Poudre utilisée pour améliorer l’adhérence des mains. Magnésie
92%
Type de mur incliné vers l’avant qui sollicite fortement les bras et le gainage. Dévers
90%
Technique de pied utilisant l’arrière du chausson pour se stabiliser ou progresser. Talon
82%
Prises fines nécessitant précision et force dans les doigts. Réglette
78%
Technique de pied consistant à grimper sur l’extrémité du chausson. Pointe
75%
Prise serrée entre le pouce et les autres doigts. Pince
71%
Passage réalisé sans utiliser les pieds. No foot
70%
Mouvement où un bras passe devant l’autre pour atteindre une prise. Croisé
61%
Technique de pied utilisée pour équilibrer le corps en opposition. Contre-pointe
59%
Prises sans relief qui se tiennent principalement en adhérence. Plat
55%
Mouvement explosif pour atteindre une prise éloignée. Dynamique
50%
Mouvement nécessitant une synchronisation précise de plusieurs parties du corps. Coordination
44%
Pan d’entraînement interactif avec prises lumineuses et réglables. Kilterboard
36%
Type de paroi peu inclinée où l’équilibre et la précision des pieds sont essentiels. Dalles
27%
Mur d’escalade incliné permettant un entraînement spécifique en salle. Spray wall
25%
Aucun quiz correspondant
Distribution des résultats
% des personnes avec chaque résultat
Percentile par nombre de réponses
Votre historique - résultats
Vous n’avez pas pris ce quiz